[Event "General Pico Del Campo Memorial"]
[Site "General Pico"]
[Date "2021.03.13"]
[Round "3"]
[White "Boyeras, Juan Pablo"]
[Black "Llanos, Joaquin"]
[Result "1/2-1/2"]
[WhiteElo "1956"]
[BlackElo "1737"]
[PlyCount "54"]
[EventDate "2021.03.12"]
[EventType "swiss"]
[EventRounds "6"]
[EventCountry "ARG"]
[SourceTitle "EXT 2022"]
[Source "ChessBase"]
[SourceDate "2021.10.06"]
[SourceVersion "1"]
[SourceVersionDate "2021.10.06"]
[SourceQuality "1"]

1. e4 e5 2. Nf3 Nf6 3. Nxe5 d6 4. Nf3 Nxe4 5. d4 d5 6. Bd3 Be7 7. 0-0 Bg4 8. c4 c6 9. h3 Bh5 10. Nc3 Nf6 11. cxd5 cxd5 12. Re1 0-0 13. g4 Bg6 14. Bxg6 hxg6 15. Ne5 Nc6 16. Nxc6 bxc6 17. Bf4 Bd6 18. Qf3 Bxf4 19. Qxf4 Re8 20. Rxe8+ Nxe8 21. Re1 Nc7 22. Na4 Ne6 23. Qe3 Qf6 24. Qe5 Qf3 25. Qe3 Qf6 26. Qe5 Qf3 27. Qe3 Qf6 1/2-1/2

[Event "General Pico Del Campo Memorial"]
[Site "General Pico"]
[Date "2021.03.13"]
[Round "4"]
[White "Llanos, Joaquin"]
[Black "Ahumada, Agustin"]
[Result "1-0"]
[WhiteElo "1737"]
[BlackElo "1624"]
[PlyCount "73"]
[EventDate "2021.03.12"]
[EventType "swiss"]
[EventRounds "6"]
[EventCountry "ARG"]
[SourceTitle "EXT 2022"]
[Source "ChessBase"]
[SourceDate "2021.10.06"]
[SourceVersion "1"]
[SourceVersionDate "2021.10.06"]
[SourceQuality "1"]

1. e4 c5 2. Nc3 Nc6 3. f4 d6 4. Nf3 Bg4 5. Bb5 e6 6. 0-0 Qb6 7. h3 Bxf3 8. Qxf3 0-0-0 9. Bxc6 Qxc6 10. f5 Nf6 11. d3 Be7 12. a4 e5 13. Bg5 Ng8 14. Bxe7 Nxe7 15. f6 gxf6 16. Qxf6 Ng6 17. Nd5 Rdf8 18. Rfb1 Qd7 19. b4 Rhg8 20. bxc5 dxc5 21. Rb5 Kb8 22. Rab1 Ka8 23. Ra5 Qd8 24. Qb6 Qxb6 25. Nxb6+ Kb8 26. Nd7+ Kc7 27. Nxf8 Rxf8 28. Rxc5+ Kd6 29. Rd5+ Kc6 30. Rb4 a6 31. a5 Kc7 32. Rc4+ Kb8 33. Rd7 h5 34. Rcc7 f5 35. Rxb7+ Kc8 36. Rdc7+ Kd8 37. Rg7 1-0

[Event "General Pico Del Campo Memorial"]
[Site "General Pico"]
[Date "2021.03.13"]
[Round "2"]
[White "Santos, Diego Maximiliano"]
[Black "Llanos, Joaquin"]
[Result "0-1"]
[WhiteElo "1508"]
[BlackElo "1737"]
[PlyCount "78"]
[EventDate "2021.03.12"]
[EventType "swiss"]
[EventRounds "6"]
[EventCountry "ARG"]
[SourceTitle "EXT 2022"]
[Source "ChessBase"]
[SourceDate "2021.10.06"]
[SourceVersion "1"]
[SourceVersionDate "2021.10.06"]
[SourceQuality "1"]

1. f4 c5 2. e3 d5 3. Nf3 Nc6 4. d4 Bf5 5. Bd3 Bxd3 6. cxd3 cxd4 7. exd4 Qb6 8. Nc3 e6 9. Qa4 Rc8 10. a3 Bd6 11. Nb5 Bb8 12. Rb1 Nge7 13. Ne5 a6 14. Nc3 Qxd4 15. Qb3 Bxe5 16. Ne2 Qa7 17. fxe5 Nxe5 18. Bf4 N5c6 19. Kd2 0-0 20. Be3 d4 21. Bg5 Nd5 22. Rhf1 f6 23. Bh4 Qb6 24. Qxb6 Nxb6 25. Nf4 e5 26. Ne6 Rf7 27. Nc5 Nd5 28. Rf3 Nd8 29. Ne4 Rfc7 30. Nd6 Rc2+ 31. Ke1 R8c6 32. Nc4 Nf4 33. Nxe5 Nxg2+ 34. Kd1 fxe5 35. Bxd8 Ne3+ 36. Ke1 Rxh2 37. Be7 Rh1+ 38. Kf2 Rc2+ 39. Kg3 Rg2# 0-1

[Event "General Pico op"]
[Site "General Pico"]
[Date "2019.04.07"]
[Round "5"]
[White "Llanos, Joaquin"]
[Black "Valli, Americo"]
[Result "0-1"]
[WhiteElo "1646"]
[BlackElo "1945"]
[PlyCount "100"]
[EventDate "2019.04.05"]
[EventType "swiss"]
[EventRounds "6"]
[EventCountry "ARG"]
[SourceTitle "CBM 190 Extra"]
[Source "ChessBase"]
[SourceDate "2019.07.15"]
[SourceVersion "1"]
[SourceVersionDate "2019.07.15"]
[SourceQuality "1"]

1. e4 Nf6 2. Nc3 e5 3. Nf3 Nc6 4. d3 d5 5. Bg5 dxe4 6. Bxf6 gxf6 7. dxe4 Qxd1+ 8. Rxd1 Bb4 9. Rd3 f5 10. Nd2 fxe4 11. Ndxe4 Bf5 12. f3 Bxe4 13. fxe4 Rg8 14. h3 Rd8 15. a3 Rxd3 16. cxd3 Ba5 17. b4 Bb6 18. Nd5 Rg6 19. a4 Kd7 20. Nxb6+ axb6 21. b5 Nd4 22. g4 c6 23. bxc6+ Rxc6 24. Be2 Rc1+ 25. Bd1 Ra1 26. Kd2 Ra2+ 27. Kc3 f6 28. Rf1 Ke7 29. h4 Rg2 30. h5 h6 31. Kc4 Rb2 32. Kc3 Rb1 33. Rh1 b5 34. axb5 Nxb5+ 35. Kc2 Na3+ 36. Kc3 b5 37. Bf3 b4+ 38. Kd2 Rxh1 39. Bxh1 Nb5 40. Bf3 Nd4 41. Bd1 Kd6 42. Kc1 Kc5 43. Kb2 Kb5 44. Ka2 Nc6 45. Kb2 Kc5 46. Ba4 Na5 47. Bd7 Kd4 48. Bb5 Nb7 49. Kc2 Nc5 50. Bc4 b3+ 0-1

[Event "Lizarraga Memorial op"]
[Site "Argentina"]
[Date "2017.07.08"]
[Round "1.8"]
[White "Llanos, Joaquin"]
[Black "De Marzi, Diego"]
[Result "0-1"]
[WhiteElo "1493"]
[BlackElo "2127"]
[PlyCount "120"]
[EventDate "2017.07.08"]
[EventType "swiss"]
[EventRounds "6"]
[EventCountry "ARG"]
[SourceTitle "EXT 2024"]
[Source "ChessBase"]
[SourceDate "2023.10.10"]
[SourceVersion "1"]
[SourceVersionDate "2023.10.10"]
[SourceQuality "1"]

1. e4 d5 2. exd5 Qxd5 3. Nc3 Qd8 4. Bc4 Nf6 5. h3 c6 6. Nf3 Bf5 7. d3 e6 8. Bg5 Be7 9. Qd2 Nbd7 10. Nh4 Bg6 11. Nxg6 hxg6 12. a3 Nb6 13. Bb3 Nbd5 14. Nxd5 Nxd5 15. Bxe7 Nxe7 16. Qb4 Qc7 17. 0-0-0 0-0-0 18. Rhe1 Nd5 19. Bxd5 Rxd5 20. Re3 Rb5 21. Qd4 Kb8 22. Qxg7 Rc8 23. Rf3 Rf5 24. Rxf5 exf5 25. Re1 Qf4+ 26. Kb1 Qxf2 27. Qe5+ Ka8 28. Re2 Qf1+ 29. Ka2 Rb8 30. c4 f4 31. a4 f3 32. gxf3 Qxf3 33. Qe3 Qxe3 34. Rxe3 Rh8 35. Re7 Kb8 36. Re3 f5 37. Kb3 Kc7 38. Kc3 Kd6 39. Kd4 c5+ 40. Kc3 f4 41. Rf3 Ke5 42. b4 b6 43. a5 g5 44. Kb3 Kf5 45. axb6 axb6 46. Ka4 g4 47. hxg4+ Kxg4 48. Rf1 f3 49. bxc5 bxc5 50. Kb5 Rc8 51. Kb6 Kg3 52. Kb7 Rh8 53. Kb6 Rh5 54. Rg1+ Kf4 55. Rg6 f2 56. Rf6+ Rf5 57. Rxf5+ Kxf5 58. Kxc5 f1Q 59. d4 Ke6 60. Kb6 Kd6 0-1

[Event "ARG-ch U12 sf"]
[Site "Villaguay"]
[Date "2016.02.25"]
[Round "4.2"]
[White "Llanos, Joaquin"]
[Black "Ruiz, Joaquin Marcelo"]
[Result "0-1"]
[WhiteElo "1461"]
[BlackElo "1408"]
[PlyCount "116"]
[EventDate "2016.02.23"]
[EventType "swiss"]
[EventRounds "8"]
[EventCountry "ARG"]
[SourceTitle "EXT 2024"]
[Source "ChessBase"]
[SourceDate "2023.10.10"]
[SourceVersion "1"]
[SourceVersionDate "2023.10.10"]
[SourceQuality "1"]

1. e4 e5 2. Nf3 Nc6 3. d3 Bc5 4. Be2 h6 5. 0-0 Nf6 6. Nc3 d5 7. exd5 Nxd5 8. Nxd5 Qxd5 9. c4 Qd6 10. Be3 Nd4 11. Qa4+ Bd7 12. Qd1 0-0-0 13. a3 Bf5 14. b4 Nxe2+ 15. Qxe2 Bxd3 16. bxc5 Bxe2 17. cxd6 Bxf1 18. dxc7 Kxc7 19. Rxf1 f6 20. Rb1 b6 21. c5 Rb8 22. Rc1 b5 23. c6 a5 24. Bc5 Rhd8 25. Nh4 Rd5 26. Be3 Rbd8 27. g3 Rd1+ 28. Kg2 Rxc1 29. Bxc1 Kxc6 30. Nf5 Rd7 31. h3 b4 32. a4 b3 33. Ne3 Rd3 34. Ba3 Rxe3 35. fxe3 Kd5 36. Kf2 Kc4 37. Bb2 Kd3 38. Ke1 Kc2 39. Ba1 b2 40. Bxb2 Kxb2 41. Kd2 e4 42. g4 g5 43. Kd1 Kb3 44. Kd2 Kxa4 45. Kc3 Kb5 46. Kd4 a4 47. Kxe4 a3 48. Kf5 a2 49. Kxf6 a1Q+ 50. Kg6 Qe5 51. Kxh6 Qxe3 52. Kg6 Kc6 53. Kh5 Kd7 54. h4 gxh4 55. Kxh4 Qh6+ 56. Kg3 Ke6 57. Kf3 Ke5 58. Kg3 Ke4 0-1